Statistics for F.R.I.E.N.D.S trivia :)

Click here to take the quiz!

General Stats

  • This quiz has been taken 75 times
  • The average score is 13 of 15

Answer Stats

HintAnswer% Correct
who is the dumb one?joey
100%
which one is a paleontologist?ross
100%
who is the sarcastic one?chandler
98%
who is the one that is a clean freak?monica
98%
who is the naive one?phoebe
98%
who is the daughter of a rich guy?rachel
98%
whats the name of the coffee shop?central perk
94%
what is rachel's daughter's nameemma
92%
what is rachel's real name?jennifer
89%
what is joey's real name?matt
88%
what is monica's real name?courtney
85%
what is ross's real name?david
80%
What is phoebe's real name?lisa
79%
what is ross's mother's namejudy
76%
what is chandler's real name?matthew
58%

Score Distribution

Percentile by Number Answered

Percent of People with Each Score

Your Score History

You have not taken this quiz